000 01210nam a2200229Ia 4500
001 L208-3777
003 IT-CnALBA
008 170116s9999||||xx |||||||||||||| ||und||
040 _aIT-CnALBA
_cIT-CnALBA
041 _aITALIANO
100 _aATANASIO DI ALESSANDRIA SANTO
245 0 _aLETTERA A SERAPIONE. LO SPIRITO SANTO.
250 _a1a ed.
260 _a ROMA
_bCITTÀ NUOVA EDITRICE
_c1986 [1° Ed.:1986 - Ed.Ling.Originale: 1986]
300 _a184 p. (prefazione: 734)
500 _aCONTESTO STORICO DOTTRINALE. INTERVENTO DI ATANASIO. LETTERE. APPENDICE: LA BESTEMMIA CONTRO LO SPIRITO. CONFUTAZIONE SCRITTURISTICA. CONFUTAZIONE LOGICA. INSEGNAMENTO DELLE SCRITTURE. CONFUTAZIONE DELL'ARIANESIMO. OSTINAZIONE DEGLI ERETICI.
501 _aSocietà San Paolo EM - Piazza San Paolo, 14 - 12051 ALBA (CN) (non commercial uses only) ® Copyright 2017
520 _aCONTESTO STORICO DOTTRINALE. INTERVENTO DI ATANASIO. LETTERE. APPENDICE: LA BESTEMMIA CONTRO LO SPIRITO. CONFUTAZIONE SCRITTURISTICA. CONFUTAZIONE LOGICA. INSEGNAMENTO DELLE SCRITTURE. CONFUTAZIONE DELL'ARIANESIMO. OSTINAZIONE DEGLI ERETICI.
650 _aPADRI E SCRITTORI ECCLESIASTICI
942 _cBK
957 _71
999 _a4755
_bNO
_g Copie: 1
_c262963
_d262963